Todas las sangres (Record no. 21997)

MARC details
000 -LEADER
campo de control de longitud fija 00291nam a2200121Ia 4500
005 - FECHA Y HORA DE LA ÚLTIMA TRANSACCIÓN
campo de control 20251222144901.0
008 - DATOS DE LONGITUD FIJA--INFORMACIÓN GENERAL
campo de control de longitud fija 251222s9999||||xx |||||||||||||| ||spa||
082 ## - NÚMERO DE LA CLASIFICACIÓN DECIMAL DEWEY
Número de clasificación 869.561.1/A71T/1987
100 ## - ENTRADA PRINCIPAL--NOMBRE DE PERSONA
Nombre de persona "Arguedas, José María"
245 #0 - MENCIÓN DEL TÍTULO
Título Todas las sangres
250 ## - MENCION DE EDICION
Mención de edición 3a.ed.
942 ## - ELEMENTOS DE ENTRADA SECUNDARIOS (KOHA)
Tipo de ítem Koha Libros
Holdings
Estatus retirado Estado de pérdida Estado de daño No para préstamo Biblioteca de origen Biblioteca actual Ubicación en estantería Fecha de adquisición Total de préstamos Signatura topográfica completa Código de barras Visto por última vez Precio de reemplazo Tipo de ítem Koha
        Biblioteca Central Biblioteca Central Programa 22/12/2025   869.561.1/A71T/1987 0037324 22/12/2025 22/12/2025 Libros